00447nam a2200157Ia 4500003000900000008004100009020001800050040001600068080001800084110002000102245008500122260003700207300001000244650001900254650001600273IN-BaIIA211028s9999 xx 000 0 eng d a0-8094-4404-6 cIIA Library a03:77.03bTLB aTime Life Books 0aTravel PhotographycTime-Life Books  aHong KongbTime-Life Booksc1982 a224p. aNASA Thesaurus aPhotography